000 00580nam a2200241Ia 4500
003 0100
008 130303s9999 xx 000 0 und d
040 _cARRUPELIB
050 _aLC212.93.G7876
100 _aArnot, Madeleine
245 _aClosing the gender gap
245 _bpostwar education and social change
260 _aCambridge
260 _bPolity Press
260 _C1999
300 _a191p.
300 _b 23 cm
650 _bPhilosophy--Hindu
650 _cVedas
650 _dUpanishads
700 _aDavid, Miriam; Weiner, Gaby
942 _2lcc
_01
999 _c66782
_d66782